How Architects Write (Record no. 14963)
[ view plain ]
| 000 -LEADER | |
|---|---|
| fixed length control field | 00418nam a2200169Ia 4500 |
| 008 - FIXED-LENGTH DATA ELEMENTS--GENERAL INFORMATION | |
| fixed length control field | 220803s9999 xx 000 0 und d |
| 020 ## - INTERNATIONAL STANDARD BOOK NUMBER | |
| International Standard Book Number | 978-0-415-89107-3 |
| 041 ## - LANGUAGE CODE | |
| Language code of text/sound track or separate title | eng |
| 082 ## - DEWEY DECIMAL CLASSIFICATION NUMBER | |
| Classification number | 720.22 SPE/DAM |
| 100 ## - MAIN ENTRY--PERSONAL NAME | |
| Personal name | Spector T |
| 9 (RLIN) | 23376 |
| 245 ## - TITLE STATEMENT | |
| Title | How Architects Write |
| 260 ## - PUBLICATION, DISTRIBUTION, ETC. (IMPRINT) | |
| Place of publication, distribution, etc. | London |
| Name of publisher, distributor, etc. | Routledge |
| Date of publication, distribution, etc. | 2013 |
| 300 ## - PHYSICAL DESCRIPTION | |
| Extent | 198p |
| 500 ## - GENERAL NOTE | |
| Keywords | Architecture |
| 650 ## - SUBJECT ADDED ENTRY--TOPICAL TERM | |
| Topical term or geographic name as entry element | Research |
| 9 (RLIN) | 23377 |
| 700 ## - ADDED ENTRY--PERSONAL NAME | |
| Personal name | Damron R |
| 9 (RLIN) | 23378 |
| Withdrawn status | Lost status | Damaged status | Not for loan | Collection code | Home library | Current library | Shelving location | Date acquired | Vendor | Cost, normal purchase price | Total Checkouts | Full call number | Barcode | Date last seen | Cost, replacement price | Bill Date | Koha item type | Original Barcode |
|---|---|---|---|---|---|---|---|---|---|---|---|---|---|---|---|---|---|---|
| Book of B Arch | Dr. Bhanuben Nanavati College of Architecture | Dr. Bhanuben Nanavati College of Architecture | 13/12/2012 | Word Book Shop | 1523.88 | 720.7 SPE/DAM | BNCA-BK-8060 | 03/08/2022 | 21.99 | 06/12/2012 | Books | B008060 | ||||||
| Book of B Arch | Dr. Bhanuben Nanavati College of Architecture | Dr. Bhanuben Nanavati College of Architecture | 06/08/2018 | Word Book Shop | 2324.06 | 720.7 SPE/DAM | BNCA-BK-10619 | 03/08/2022 | 2359.06 | 02/08/2018 | Reference book | B10619 |